| 000 | 00413nam a22001697a 4500 | ||
|---|---|---|---|
| 003 | CEME | ||
| 005 | 20210628205351.0 | ||
| 008 | 210315b xxu||||| |||| 00| 0 eng d | ||
| 020 | _a0-471-59194-7 | ||
| 040 | _c. | ||
| 082 | _a512.5 EVA'L | ||
| 100 |
_aJohnson, Jerry Evans, Benny _975170 |
||
| 245 | _aLinear algebra with derive | ||
| 260 |
_aNEWYORK _bJOHN WILEY _c1994 |
||
| 300 | _a280P | ||
| 942 |
_cBK _2ddc |
||
| 999 |
_c580642 _d580642 |
||